[Event "Paris-ch op"]
[Site "Paris"]
[Date "1991.??.??"]
[Round "2"]
[White "Bouland, Stephane"]
[Black "Morales Moreno, H."]
[Result "0-1"]
[WhiteElo "2250"]
[BlackElo "2305"]
[PlyCount "85"]
[EventDate "1991.05.??"]
[EventType "swiss"]
[EventRounds "9"]
[EventCountry "FRA"]
[SourceTitle "TD"]
[Source "ChessBase"]
[SourceDate "1994.03.01"]
[SourceVersion "1"]
[SourceVersionDate "1994.03.01"]
[SourceQuality "1"]

1. d4 Nf6 2. Nf3 b6 3. g3 Bb7 4. Bg2 c5 5. dxc5 bxc5 6. c4 g6 7. 0-0 Bg7 8. Nc3 0-0 9. Re1 d6 10. e4 Nfd7 11. Nd5 Nc6 12. Bf4 Nde5 13. Rc1 Nxf3+ 14. Bxf3 e6 15. Nc3 Nd4 16. Bg2 h6 17. Be3 Kh7 18. Ne2 Qb6 19. b4 e5 20. Rb1 cxb4 21. Nxd4 exd4 22. Bd2 a5 23. a3 Qc6 24. axb4 a4 25. Ra1 d3 26. Ra2 Rfc8 27. h4 f5 28. h5 g5 29. Qf3 Qxc4 30. Qxf5+ Kh8 31. Rea1 Bxa1 32. Rxa1 Qd4 33. Re1 Rf8 34. Be3 Qxe3 35. Qxf8+ Rxf8 36. fxe3 Ba6 37. Rd1 Rc8 38. Bf1 Rc3 39. Kf2 Kg7 40. Ke1 Kf6 41. Rb1 Bb5 42. Kd1 Ke5 43. Rc1 0-1

[Event "Issy Meudon schev"]
[Site "Issy Meudon"]
[Date "1991.??.??"]
[Round "3"]
[White "Morales Moreno, H."]
[Black "Bureau, Frederic"]
[Result "1-0"]
[WhiteElo "2305"]
[BlackElo "2000"]
[PlyCount "45"]
[EventDate "1991.??.??"]
[EventType "schev"]
[EventRounds "5"]
[EventCountry "FRA"]
[SourceTitle "EXT 2004"]
[Source "ChessBase"]
[SourceDate "2003.11.25"]
[SourceVersion "1"]
[SourceVersionDate "2003.11.25"]
[SourceQuality "1"]

1. e4 c5 2. Nf3 e6 3. c3 d5 4. e5 d4 5. cxd4 cxd4 6. Qa4+ Nc6 7. Bb5 Bd7 8. 0-0 Bc5 9. Qc2 Qb6 10. Ba4 a6 11. a3 Rc8 12. b4 Bf8 13. Bb2 d3 14. Qxd3 Nxe5 15. Nxe5 Bxa4 16. Nc3 Bc6 17. Ne4 Bb5 18. Qf3 Nh6 19. Rfc1 Rd8 20. a4 Bd7 21. Nc4 Qa7 22. Ncd6+ Ke7 23. Qf6+ 1-0